Akadémia hoteliera: Tréning zamestnancov

Intro tréning zamestnancov - vstupný tréning pri nástupe na nové pracovné miesto. Cross tréning. Externý tréning a jeho význam pri fungujúcej organizačnej štruktúre. Tréningová knižka zamestnanca. Súťaž Zamestnanec mesiaca a motivácia zamestnanca.

Salvato in:
Dettagli Bibliografici
Autore principale: Pupišová, Iveta
Natura: Capitolo di libro
Lingua:slovacco
Soggetti:
Tags: Aggiungi Tag
Nessun Tag, puoi essere il primo ad aggiungerne!!

MARC

LEADER 00000naa a2200000 4500
001 0236031
005 20170926140505.1
041 0 |a slo 
044 |a SK 
245 1 0 |a Akadémia hoteliera: Tréning zamestnancov  |c Iveta Pupišová 
520 |a Intro tréning zamestnancov - vstupný tréning pri nástupe na nové pracovné miesto. Cross tréning. Externý tréning a jeho význam pri fungujúcej organizačnej štruktúre. Tréningová knižka zamestnanca. Súťaž Zamestnanec mesiaca a motivácia zamestnanca. 
610 2 0 |a hotely 
610 2 0 |a zamestnanci 
610 2 0 |a práca 
610 2 0 |a motivácia pracovná 
610 2 0 |a miesta pracovné 
610 2 0 |a súťaže 
100 1 |a Pupišová, Iveta